=LDR 00000nam 2200000 4500 =001 INLIS000000000009642 =005 20240819104303 =035 ##$$a 0010-061300000009642 =008 240819################g##########0#ind## =041 ##$$a Ind =082 ##$$a R. 172 420 4 =090 ##$$a 172 420 4, Sut b =100 ##$$a Soetrisno, Eddy =245 1#$$a Buku pintar 47 peraih nobel perdamaian dari daq hammarskjold sampai PBB /$c Eddy Soetrisno; Editor: Dr. Morton Grosser =260 ##$$a Jakarta :$b Inovasi,$c [s.a] =300 ##$$a vi, 98 hlm : $b ilus ; $c 22,5 x 15 cm =650 #4$$a Perdamaian - Nobel =850 ##$$a NBPNMAT =084 ##$$a R. 172 420 4 SOE b =990 ##$$a DW00028676 =990 ##$$a 173.549/pro-2003 =990 ##$$a DW00028678 =990 ##$$a DW00028679 =990 ##$$a 16381638 =990 ##$$a 16381638 =990 ##$$a 10405953 =990 ##$$a DW00028676 =990 ##$$a 173.549/pro-2003 =990 ##$$a DW00028678 =990 ##$$a DW00028679 =990 ##$$a 1200401146 =990 ##$$a 10405955 =990 ##$$a DW00028676 =990 ##$$a 173.549/pro-2003 =990 ##$$a DW00028678 =990 ##$$a DW00028679 =990 ##$$a 10405953